MDQL
is popping MORE tags! Check the
thread
!
Quizzes
Events
Quiz Creation
Community
Videos
Private Events
Remove Ads
Sign In
Join for FREE
Feedback
Dark Mode
Quiz Categories
Sports
Geography
Music
Movies
Television
Just For Fun
Miscellaneous
History
Literature
Language
Science
Gaming
Entertainment
Religion
Holiday
For Kids
Quiz Lab
Recent
Popular Today
Quiz Kudos Today
Editor Picks
Curator Picks
Quizzes by...
Day
Popularity
Type
Ratings
Length
Year
Community
Subscriptions
Recent Discussions
Orange Saloon
Badges
Playlists
Quests
Create
Leaderboards
Showdown
Live 5
Trivia Bingo
Activity
Puzzle Library
Sporcle Events
Private Events
Virtual Trivia
Globe League
Become a Host
Pub Owners
SporcleCon
Opinionation
Our Games
Videos
Blog
Mobile Apps
Partnerships
Remove Ads and Go Orange
Feedback
Sports
Athletes
MLB
NBA
NHL
NFL
Soccer
Sports Teams
WWE
NCAA
Football
Premier League
Basketball
Baseball
Hockey
Golf
Tennis
Cricket
Rugby
Auto Racing
Olympics
World Cup
Sports
Athletes
MLB
NBA
NHL
NFL
Soccer
Sports Teams
WWE
NCAA
Football
Premier League
Basketball
Baseball
Hockey
Golf
Tennis
Cricket
Rugby
Auto Racing
Olympics
World Cup
Random Quiz
Search Sporcle
×
Quiz Lab
Quiz Lab
Sports
NHL
Type in answers that appear in a list
Type in answers that appear in a list
Classic
Best Score? Go Orange.
All NHL Teams Stats
Can you name the All NHL Teams?
By
aheig82
8m
57 Questions
109 Plays
109 Plays
109 Plays
Comments
Comments
Give Quiz Kudos
Give Quiz Kudos
-
- Ratings
hide this ad
More Info
Forced Order
Answers have to be entered in order
Answers have to be entered in order
Replay
Link that replays current quiz
Next Quiz
Link to next quiz in quiz playlist
You Got
0%
They Got
Avg Score
44%
Avg Friend Score
Upgrade to see
Score Distribution
Jump to the score distribution portion of the page
Score
0/57
Timer
08:00
0
Plays Today
Years in NHL
Team
% Correct
1917-
pres
Montreal Canadiens
98.2%
1924-
pres
Boston Bruins
69.7%
1926-
pres
Chicago Blackhawks
68.8%
1926-
pres
New York Rangers
67.9%
1926-
pres
Toronto Maple Leafs
66.1%
1932-
pres
Detroit Red Wings
64.2%
2006-
pres
Anaheim Ducks
57.8%
1972-
pres
New York Islanders
56%
1993-
2006
Anaheim Mighty Ducks
55%
1997-
pres
Carolina Hurricanes
55%
1967-
pres
Philadelphia Flyers
53.2%
1992-
pres
Tampa Bay Lightning
53.2%
1999-
2011
Atlanta Thrashers
52.3%
1993-
pres
Dallas Stars
52.3%
1967-
pres
Pittsburgh Penguins
51.4%
1979-
pres
Edmonton Oilers
51.4%
1995-
pres
Colorado Avalanche
51.4%
2000-
pres
Columbus Blue Jackets
51.4%
1967-
pres
Los Angeles Kings
50.5%
1992-
pres
Ottawa Senators
50.5%
1993-
pres
Florida Panthers
50.5%
1967-
pres
St. Louis Blues
49.5%
1970-
pres
Vancouver Canucks
49.5%
1979-
1997
Hartford Whalers
49.5%
1979-
1995
Quebec Nordiques
48.6%
1979-
1996
Winnipeg Jets
48.6%
1980-
pres
Calgary Flames
48.6%
1991-
pres
San Jose Sharks
47.7%
1967-
1993
Minnesota North Stars
46.8%
Years in NHL
Team
% Correct
1998-
pres
Nashville Predators
45.9%
1982-
pres
New Jersey Devils
45%
2000-
pres
Minnesota Wild
45%
1917-
1931
Ottawa Senators
43.1%
1996-
pres
Phoenix Coyotes
43.1%
1924-
1938
Montreal Maroons
42.2%
1974-
pres
Washington Capitals
42.2%
1970-
pres
Buffalo Sabres
41.3%
1967-
1970
Oakland Seals
36.7%
1970-
1976
California Golden Seals
36.7%
1976-
1982
Colorado Rockies
34.9%
1917-
1918
Montreal Wanderers
33.9%
1972-
1980
Atlanta Flames
33.9%
1925-
1930
Pittsburgh Pirates
33%
1917-
1919
Toronto Arenas
32.1%
1974-
1976
Kansas City Scouts
31.2%
1919-
1926
Toronto St. Patricks
29.4%
1925-
1941
New York Americans
28.4%
1976-
1978
Cleveland Barons
28.4%
2011-
pres
Winnipeg Jets
28.4%
1919-
1920
Quebec Bulldogs
26.6%
1930-
1931
Philadelphia Quakers
23.9%
1926-
1930
Detroit Cougars
22%
1941-
1942
Brooklyn Americans
21.1%
1920-
1925
Hamilton Tigers
18.3%
1932-
1934
Ottawa Senators
18.3%
1930-
1932
Detroit Falcons
17.4%
1934-
1935
St. Louis Eagles
17.4%
Quiz Playlist
Details
Report
Send in Message
Add To Playlist
More Info:
Name all the teams that have played in the NHL.
Classic:
Type in answers that appear in a list
Forced Order:
Answers have to be entered in order
Quiz Source
Last Updated: Feb 16, 2017
Quiz Scoreboard
CHALLENGE
Sign Up to Join the Scoreboard
Show All
Scores
Hide
Comments
May contain spoilers
Recently Published
Colored Red Africa Blitz
by spor1
Geography
30s
Find the 'City' Movie
by crazypaving
Movies
60s
5x2 Blitz: Bands
by SL_Kpop136
Music
30s
More to Explore
Quiz From the Vault
Featured Blog Post
14 Easter Pick-up Lines to Find Eggs With
hide this ad
You Might Also Like...
Tags
NHL Quiz
team
Today's Top Quizzes in Sports
Browse Sports
hide this ad
Today's Top Quizzes in NHL
Browse NHL
Top Contributed Quizzes in Sports
1
Players with Multiple 50 Home Run Seasons
2
Criteria MLB: Left Handed Sluggers
3
MLB Players with Two .350 Batting Average Seasons
4
Who Hit More Homers?
5
Premier League Clubs since 2000 (minefield)
6
Who Needs Fielders?
7
2020 F1 Drivers Logic Puzzle
8
Les entraîneurs de l'OM et du PSG au 21e siècle
9
Top 10 NHL Goal Scorers of All Time
10
MLB Hall of Famer by Rings
Explore More
Trending Topics
Kpop
Anime
Disney
Harry Potter
NBA
Marvel
Crossword
Soccer
The Office
Song
NFL
Puzzle
Pokémon
WWE
Country
hide this ad
More By:
aheig82
Quiz
Plays
Rating
Category
Featured
Created
NBA Last Five 25.0+ PPG Players by Team
144,390
4.51
Sports
Nov 17, 2011
NHL 40+ Goal Scorers per Franchise
46,926
4.56
Sports
Nov 16, 2011
MLB Last Five 40+ HR Hitters by Franchise
12,475
4.56
Sports
Nov 14, 2011
Top 5 Medal Winning Teams in Each Summer Olympics
11,925
4.21
Sports
Jul 14, 2012
Top 10 NBA Scoring Leaders Per Season (1990-2000)
8,237
4.00
Sports
Dec 20, 2012
Go to Creator's Profile
Score Distribution
Quiz Creator Spotlight
aheig82
Follow
Send a Message
Quizzes Created
-
Created Quiz Play Count
-
More By This Creator
Popular Quizzes Today
1
Find the 'City' Movie
2
5x2 Blitz: Bands
3
Colored Red Africa Blitz
4
Find the US States - No Outlines Minefield
5
The Countries of the World
6
Find the US States
7
9x9 Crossword: Cartoon Network
8
US States
More Sports Quizzes
12 to 1: Sports Grab Bag
Quiz Lab
Trending Quizzes
Colored Red Europe Blitz I
Colored Red Africa Blitz II
Colored Red Europe Blitz III
Colored Red Europe Blitz II
Colored Red Africa Blitz III
Recently Updated
Champions League XIs: Real Madrid
pecheneg
Largest US Cities 1790-2010
pecheneg
Rides in Walt Disney World
pecheneg
Most Oscar Losses (Acting)
pecheneg
Beyoncé Albums
pecheneg
Leaping Animals
pecheneg
Reality TV Shows (A-Z)
bhenderson79
Rickey Henderson's Hall of Fame Teammates
pecheneg
Champions League XIs: Arsenal
pecheneg
Quick Pick: Celebrities in WWE's Hall of Fame
aduchscher
Trending Topics
Marvel
NBA
Harry Potter
Anime
Kpop
Crossword
Disney
Pokémon
Country
Soccer
Puzzle
The Office
Song
NFL
WWE
Your Account Isn't Verified!
In order to create a playlist on Sporcle, you need to verify the email address you used during registration. Go to your
Sporcle Settings
to finish the process.
Report this User
Report this user for behavior that violates our
Community Guidelines
.
Details:
Send Report
Go to the Sporcle.com Mobile Site →
Comments